90 millas Relaciones econm̤icas Cuba-Estados Unidos, 1898-2020

Bibliographic Details
Main Author: Santamara̕ Garca̕, Antonio
Other Authors: Azcona Pastor, Jos ̌Manuel
Format: eBook
Language:Spanish
Published: Madrid: Dykinson, 2020
Subjects:
Online Access:Acceso restringido

MARC

LEADER 00000nam a22000007a 4500
005 20210908001357.0
007 cr|||| ||||
008 210908s2020 cu |||||s|||| 00||0 spa d
020 |a 978-84-1377-402-2 
035 |a 33719 
040 |a vLex 
090 |c 12315  |d 12315 
100 1 |a Santamara̕ Garca̕, Antonio 
245 1 0 |a 90 millas Relaciones econm̤icas Cuba-Estados Unidos, 1898-2020  |h [Recurso electrn̤ico] /  |c Antonio Santamara̕ Garca̕, Jos ̌Manuel Azcona Pastor 
256 |a Servicio en ln̕ea 
260 |a Madrid:  |b Dykinson,  |c 2020 
300 |a 1 recurso electrn̤ico 
500 |a Las relaciones entre Cuba y Estados Unidos han estado determinadas por el embargo a la isla que el gobierno de Washington estableci ̤tras el triunfo de la revolucin̤ en 1959. Esa polt̕ica no ha cambiado, aunque ha sufrido endurecimientos y tambiň flexibilizaciones. Al llegar Barack Obama a la Casa Blanca inici ̤una fase de normalizacin̤, coincidiendo con el avance de las reformas aperturistas en la Gran Antilla, iniciadas en la dčada de 1990, pero hasta hace poco discontinuas. Sin embargo, para ello emple ̤los recursos de relajacin̤ de las medidas que ofrecen las propias leyes del embargo. Es decir, sin modificarlo, lo que ha permitido a su sucesor, Donald Trump, restablecerlas en su versin̤ ms̀ dura. Este libro estudia el problema de los vn̕culos entre los dos pas̕es desde comienzos del siglo XX desde la perspectiva de lo econm̤ico, que fue razn̤ esencial de los mismos, y muestra cm̤o la falta de un sentido de estado y de conformidad con la influencia tuvo en la constitucin̤ de otro –Estados Unidos ocup ̤Cuba entre 1898 y 1902, tras su guerra de independencia– implic ̤dejarlas al juego de intereses particulares que rige el funcionamiento del sistema polt̕ico norteamericano y que tal defecto los ha dotado de un asimetra̕ que ha prevalecido a los cambios de coyuntura y circunstancias desde entonces, al triunfo de la revolucin̤, al fin de la Guerra Fra̕. 
506 1 |a Disponible solo en los productos indicados  |d vLex Global  |d vLex Global (Academic Edition, excluding Law Schools)  |d vLex Global (U.S. Academic Edition, Law Schools)  |d vLex Global (U.S. Academic Edition, excluding Law Schools)  |d vLex Global (Academic Edition, Law Schools) 
650 0 4 |a Economa̕ y negocios  |z Cuba 
650 0 4 |a Ciencias sociales  |z Cuba 
700 1 |a Azcona Pastor, Jos ̌Manuel 
740 0 |a vLex Libros (Servicio en ln̕ea) 
856 4 0 |u https://app.vlex.com/#/sources/33719  |z Acceso restringido 
942 |c BOOK 
999 0 |a Economy and business 
999 0 |a Social Sciences